书目信息 |
| 题名: |
元诗选
|
|
| 作者: | (清)编 | |
| 分册: | ||
| 出版信息: | 北京 中华书局 1987.1 |
|
| 页数: | 页 | |
| 开本: | 20cm | |
| 丛书名: | ||
| 单 册: | ||
| 中图分类: | I222.747 | |
| 科图分类: | ||
| 主题词: | 诗歌--中国 , 韵文--中国 | |
| 电子资源: | ||
| ISBN: | ||
| 000 | 00543nam0 2200205 45 | |
| 001 | 0312221749 | |
| 005 | 20031222170927.0 | |
| 010 | @dCNY18.20 | |
| 100 | @a20031222d1987 km y0chiy0120 ea | |
| 101 | @achi | |
| 105 | @a z 000yy | |
| 200 | 1 | @a元诗选@AYuan Shi Xuan@f(清)编@F(Qing)Bian@e初集(第二册) |
| 210 | @a北京@c中华书局@d1987.1 | |
| 215 | @a页@d20cm | |
| 606 | 0 | @a诗歌@x中国 |
| 606 | 0 | @a韵文@x中国 |
| 690 | @aI222.747@v3 | |
| 701 | 0 | @a@4编 |
| 801 | @aCN@bTSTCL@c20031222 | |
| 905 | @a213230@dI222.747@e307:2@b202660@f1@b204380@f1 | |
| 元诗选/(清)编:初集(第二册).-北京:中华书局,1987.1 |
| 页;20cm |
| ISBN :CNY18.20 |
| ● |
| 相关链接 |
|
|
|
|
正题名:元诗选
索取号:I222.747/307:2
 
预约/预借
| 序号 | 登录号 | 条形码 | 馆藏地/架位号 | 状态 | 备注 |
| 1 | 0202660 | 000756051 | 第一样本阅览室/ [索取号:I222.747/307:2] | 在馆 | |
| 2 | 0204380 | 000756060 | 第二借阅区/ [索取号:I222.747/307:2] | 在馆 |